[Event "16th Sants Open 2014"]
[Site "Barcelona ESP"]
[Date "2014.08.30"]
[Round "9.7"]
[White "Collins, Sam E."]
[Black "Novikov, Stanislav"]
[Result "1/2-1/2"]
[WhiteTitle "IM"]
[BlackTitle "GM"]
[WhiteElo "2495"]
[BlackElo "2562"]
[WhiteFideId "2501198"]
[BlackFideId "4125371"]
[EventDate "2014.08.22"]

1. e4 c5 2. c3 Nf6 3. e5 Nd5 4. Nf3 Nc6 5. d4 cxd4 6. cxd4 d6 7. Bc4 dxe5 8.
dxe5 Ndb4 9. Qxd8+ Nxd8 10. Na3 a6 11. Nd4 e6 12. O-O Bd7 13. Be2 Ndc6 14. Nxc6
Bxc6 15. Bd2 Rd8 16. Nc4 Nc2 17. Rac1 Nd4 18. Bd1 Be7 19. Be3 O-O 20. Bg4 Be4
21. Nd6 Bxd6 22. Bxd4 Bb8 23. Rfd1 Rd5 24. Rc5 g6 25. Rxd5 Bxd5 26. a3 h5 27.
Be2 Rc8 28. Bc3 Kf8 29. Kf1 Ke8 30. f3 Ba7 31. Bd3 Bc5 32. Ra1 Bb6 33. Ke2 Bc5
34. Kd2 Bb6 35. Ke2 Bc5 36. Kd2 Kd7 37. Ke2 g5 38. Be4 Bxe4 39. fxe4 Ke7 40. Rc1
Rc6 41. Bd2 Bd4 42. Bxg5+ Kf8 43. Rxc6 bxc6 44. b3 Bxe5 1/2-1/2

[Event "16th Sants Open 2014"]
[Site "Barcelona ESP"]
[Date "2014.08.30"]
[Round "9.8"]
[White "Cuartas, Jaime Alexander"]
[Black "Cruz, Cristhian"]
[Result "1/2-1/2"]
[WhiteTitle "GM"]
[BlackTitle "GM"]
[WhiteElo "2489"]
[BlackElo "2553"]
[WhiteFideId "4401190"]
[BlackFideId "3801969"]
[EventDate "2014.08.22"]

1. e4 e6 2. d4 d5 3. Nc3 Nf6 4. Bg5 dxe4 5. Nxe4 Be7 6. Bxf6 gxf6 7. Qd2 b6 8.
O-O-O Bb7 9. Nc3 c6 10. g3 Nd7 11. Bg2 Qc7 12. f4 f5 13. Nf3 O-O-O 14. Rhe1 Kb8
15. Kb1 h5 16. h4 Bf8 17. Ng5 Nf6 18. Qe2 Bg7 19. a3 Rd7 20. Na2 Rhd8 21. c3 Ng4
22. Nc1 Bf6 23. Bf3 c5 24. dxc5 Qxc5 25. Bxb7 Kxb7 26. Rxd7+ Rxd7 27. Rd1 Rc7
28. Nb3 Qf2 29. Qxf2 Nxf2 30. Rd2 Ng4 31. Nf3 Ne3 32. Nbd4 Nf1 33. Rg2 Ne3 34.
Rg1 Rd7 35. Re1 Nc4 36. Rd1 a6 37. Rd3 Kc7 38. a4 Nd6 39. Ne2 Ne4 40. Rxd7+ Kxd7
41. Kc2 Kd6 42. b3 Kd5 43. c4+ Kc5 44. Nd2 Nxd2 45. Kxd2 Kb4 46. Kc2 a5 47. Nc1
Ka3 48. Ne2 Bg7 49. Nc1 Bd4 50. Ne2 Bf2 51. Kc3 f6 52. Kc2 e5 53. Kc3 exf4 54.
Nxf4 Bxg3 55. Nxh5 Be5+ 56. Kd3 f4 57. Ng7 f5 58. Nxf5 Kxb3 59. Nd4+ Kxa4 60. h5
Bg7 61. Nc6 Bh6 62. Ke4 Bg5 63. Kf3 Kb3 64. Nxa5+ Kb4 65. Nc6+ Kxc4 66. Ne5+ Kd5
67. Nf7 Bf6 68. Kxf4 b5 69. Ng5 b4 70. Ne4 Bd4 71. Nd2 Bc3 72. Ke3 Bxd2+ 73.
Kxd2 Ke5 74. Kc2 Kf6 75. Kb3 Kg5 1/2-1/2

[Event "16th Sants Open 2014"]
[Site "Barcelona ESP"]
[Date "2014.08.30"]
[Round "9.9"]
[White "Handke, Florian"]
[Black "Klein, David"]
[Result "0-1"]
[WhiteTitle "GM"]
[BlackTitle "IM"]
[WhiteElo "2553"]
[BlackElo "2498"]
[WhiteFideId "4634527"]
[BlackFideId "1003623"]
[EventDate "2014.08.22"]

1. b3 e5 2. Bb2 Nc6 3. e3 Nf6 4. Bb5 Bd6 5. Bxc6 dxc6 6. d3 O-O 7. Nd2 Re8 8. e4
Nd7 9. Ne2 Nf8 10. O-O Ng6 11. Nc4 Be6 12. Qd2 f6 13. Kh1 Bf7 14. Rad1 c5 15.
Nxd6 cxd6 16. c4 Qd7 17. f4 exf4 18. Nxf4 Nxf4 19. Rxf4 Bg6 20. Rdf1 Re6 21. h4
b5 22. Qd1 Qe8 23. cxb5 Rd8 24. Qg4 h5 25. Qh3 Kh7 26. a4 Re7 27. Ba3 Qg8 28. d4
cxd4 29. Qd3 Rc7 30. Bb4 d5 31. Qxd4 dxe4 32. Qg1 Rd3 33. b6 axb6 34. Qxb6 Qc8
35. Be1 Rb7 36. Qf2 Rbxb3 37. a5 Rb1 38. Qe2 Qc4 39. Kg1 Qc5+ 40. Kh1 Qd5 41. a6
Ra1 42. a7 Rxa7 43. Rf5 Qe6 44. Ra5 Rxa5 45. Bxa5 Qc4 46. Re1 e3 47. Bb6 Qxh4+
48. Kg1 Rc3 49. Bxe3 Rc2 50. Bf2 Qf4 51. Qe3 Qxe3 52. Rxe3 Bf7 53. Rd3 Be8 54.
Be3 Bc6 55. Rd2 Rc4 56. Bd4 Kg6 57. Kh2 h4 58. Kh3 Kh5 59. Kh2 Be4 60. Bb2 Rb4
61. Bd4 Rb7 62. Rb2 Rd7 63. Rd2 f5 64. Be3 Rb7 65. Rd8 Rb2 66. Bd2 g5 67. Rh8+
Kg4 68. Rd8 Ra2 69. Kg1 h3 70. gxh3+ Kxh3 71. Kf2 f4 72. Rd6 Kg4 73. Rd8 Ra3 74.
Re8 Bf5 75. Rd8 Rh3 76. Bb4 Rh2+ 77. Ke1 Kf3 78. Rf8 Bc2 79. Re8 g4 80. Bd6 Rh1+
81. Kd2 Rd1+ 82. Kxc2 Rxd6 0-1

[Event "16th Sants Open 2014"]
[Site "Barcelona ESP"]
[Date "2014.08.30"]
[Round "9.10"]
[White "Mascaro March, Pedro"]
[Black "Alsina Leal, Daniel"]
[Result "0-1"]
[WhiteTitle "IM"]
[BlackTitle "GM"]
[WhiteElo "2417"]
[BlackElo "2550"]
[WhiteFideId "2217570"]
[BlackFideId "2252627"]
[EventDate "2014.08.22"]

1. Nf3 g6 2. c4 Bg7 3. Nc3 d6 4. d4 Nc6 5. d5 Ne5 6. Nxe5 Bxe5 7. e4 Nf6 8. Bd2
O-O 9. Bd3 c6 10. O-O e6 11. dxc6 bxc6 12. Qc2 Rb8 13. Rad1 d5 14. b3 Qc7 15. h3
Bb7 16. f4 Bd4+ 17. Kh2 Qe7 18. Be1 dxe4 19. Bxe4 Rfd8 20. Bf3 Ne8 21. Bf2 c5
22. Ne4 Bxf2 23. Qxf2 Bxe4 24. Bxe4 Qc7 25. Qe3 Nf6 26. Bf3 Kg7 27. g3 h5 28. h4
a5 29. Qc3 Rxd1 30. Rxd1 Rd8 31. Kg2 Rxd1 32. Bxd1 Qb6 33. a3 Qd8 34. Bf3 Kg8
35. Qe5 Ng4 36. Bxg4 hxg4 37. Qxc5 Qa8+ 38. Kh2 Qf3 39. b4 Qxa3 40. Qxa5 Qb2+
41. Kh1 Qc1+ 42. Kg2 Qd2+ 43. Kh1 Qd1+ 44. Kh2 Qe2+ 45. Kg1 Qe3+ 46. Kf1 Qf3+
47. Ke1 Qxg3+ 48. Kd1 Qd3+ 49. Ke1 Qe4+ 50. Kd1 g3 0-1

[Event "16th Sants Open 2014"]
[Site "Barcelona ESP"]
[Date "2014.08.30"]
[Round "9.11"]
[White "Libiszewski, Fabien"]
[Black "Ducarmon, Quinten"]
[Result "1/2-1/2"]
[WhiteTitle "GM"]
[BlackTitle "IM"]
[WhiteElo "2531"]
[BlackElo "2479"]
[WhiteFideId "616834"]
[BlackFideId "1025007"]
[EventDate "2014.08.22"]

1. c4 e5 2. Nc3 Nc6 3. Nf3 Nf6 4. e4 Bb4 5. d3 d6 6. a3 Bc5 7. b4 Bb6 8. Na4 Bg4
9. Nxb6 axb6 10. Bb2 O-O 11. Be2 Nh5 12. g3 Nf6 13. h3 Bd7 14. Qd2 Ne7 15. Nh4
b5 16. f4 bxc4 17. fxe5 dxe5 18. Bxe5 Ng6 19. Nxg6 hxg6 20. dxc4 Re8 21. Qf4 Qe7
22. Bxf6 gxf6 23. Kf2 Bc6 24. Bf3 Bxe4 25. Qxe4 Qxe4 26. Bxe4 Rxe4 27. c5 Rc4
28. Rhe1 Kf8 29. g4 g5 30. Kf3 Rf4+ 31. Kg3 Rc4 32. Kf3 1/2-1/2

[Event "16th Sants Open 2014"]
[Site "Barcelona ESP"]
[Date "2014.08.30"]
[Round "9.12"]
[White "Narciso Dublan, Marc"]
[Black "Perpinya Rofes, Lluis Maria"]
[Result "1/2-1/2"]
[WhiteTitle "GM"]
[BlackTitle "IM"]
[WhiteElo "2515"]
[BlackElo "2391"]
[WhiteFideId "2201500"]
[BlackFideId "2208598"]
[EventDate "2014.08.22"]

1. d4 Nf6 2. c4 g6 3. Nc3 Bg7 4. e4 d6 5. Be2 O-O 6. Nf3 c5 7. O-O Re8 8. dxc5
dxc5 9. Be3 Qxd1 10. Raxd1 Na6 11. e5 Nd7 12. Bf4 Nf8 13. Bg3 Nb4 14. Nd5 Ne6
15. a3 Nc6 16. b4 b6 17. Bd3 Bb7 18. bxc5 bxc5 19. Bc2 Ned4 20. Nxd4 Nxd4 21.
Ba4 Bxd5 22. cxd5 Red8 23. Rfe1 Rxd5 24. f4 Rad8 25. Kf1 Bh6 26. Rc1 Nf5 27. Bc2
Rd4 28. Bxf5 gxf5 29. Rxc5 Bxf4 30. Rc7 Bxg3 31. hxg3 R8d7 32. Rxd7 Rxd7 33. e6
Rd3 34. exf7+ Kxf7 35. Re5 Rxa3 36. Rxf5+ Kg6 37. Re5 Kf6 38. Rh5 Rxg3 39. Ra5
Rb3 40. Rxa7 h5 41. Kf2 e5 42. Ra4 Kf5 43. Rh4 Kg5 44. Re4 Rb5 45. Kf3 Kf5 46.
Rh4 Ke6 47. Kf2 Rb2+ 48. Kf3 Rb3+ 49. Kf2 Kd5 50. Rxh5 Kd4 51. Rh3 1/2-1/2

[Event "16th Sants Open 2014"]
[Site "Barcelona ESP"]
[Date "2014.08.30"]
[Round "9.13"]
[White "Aloma Vidal, Robert"]
[Black "Blomqvist, Erik"]
[Result "1/2-1/2"]
[WhiteTitle "IM"]
[BlackTitle "GM"]
[WhiteElo "2403"]
[BlackElo "2506"]
[WhiteFideId "2260409"]
[BlackFideId "1709437"]
[EventDate "2014.08.22"]

1. d4 d5 2. c4 c6 3. Nf3 Nf6 4. Nc3 e6 5. Bg5 dxc4 6. e4 b5 7. e5 h6 8. Bh4 g5
9. Nxg5 hxg5 10. Bxg5 Nbd7 11. g3 Bb7 12. Bg2 Qb6 13. exf6 c5 14. d5 O-O-O 15.
O-O b4 16. Na4 Qa6 17. a3 Bxd5 18. Bxd5 Ne5 19. axb4 Rxd5 20. Qe2 cxb4 21. Rfc1
Qc6 22. Bf4 Bh6 23. Bxe5 Bxc1 24. Rxc1 Qxa4 25. Rxc4+ Kd8 26. Kg2 Qa6 27. Qe4
Rxe5 28. Qa8+ Kd7 29. Rd4+ Rd5 30. Rxd5+ exd5 31. Qxh8 Qe2 32. Qb8 Qe4+ 33. Kg1
Ke6 34. Qxa7 Kxf6 35. Qc5 Qb1+ 36. Kg2 Qxb2 37. Qxd5 b3 38. h4 Qc2 39. Qd6+ Kg7
40. Qe5+ Kf8 41. Qb8+ Ke7 42. Qb4+ Ke6 43. Qb6+ Kd5 44. Qb5+ Kd4 45. Qb6+ Kc3
46. Qa5+ Kd3 47. Qd5+ Ke2 48. Qf3+ Ke1 49. Qe3+ Kd1 50. Qf3+ Kc1 51. Qe3+ Kb1
52. Qe1+ Qc1 53. Qe4+ Ka2 54. Qd5 Ka3 55. Qd6+ Ka4 56. Qa6+ Kb4 57. Qb6+ Kc3 58.
Qf6+ Kd2 59. Qf4+ Kc2 60. Qe4+ Kc3 61. Qe5+ Kb4 62. Qb8+ Ka3 63. Qd6+ Ka2 64.
Qd5 Ka3 65. Qd6+ 1/2-1/2

[Event "16th Sants Open 2014"]
[Site "Barcelona ESP"]
[Date "2014.08.31"]
[Round "10.1"]
[White "Bromberger, Stefan"]
[Black "Fier, Alexandr"]
[Result "1/2-1/2"]
[WhiteTitle "IM"]
[BlackTitle "GM"]
[WhiteElo "2510"]
[BlackElo "2570"]
[WhiteFideId "4635248"]
[BlackFideId "2107139"]
[EventDate "2014.08.22"]

1. e4 c5 2. Nf3 e6 3. d4 cxd4 4. Nxd4 Nc6 5. Nc3 Qc7 6. Be3 a6 7. Be2 Nf6 8. O-O
Bb4 9. Na4 Be7 10. Nxc6 bxc6 11. Nb6 Rb8 12. Nxc8 Qxc8 13. Bd4 c5 14. Be5 Rb6
15. b3 Nxe4 16. Bxg7 Rg8 17. Bb2 Bf6 18. Bxf6 Nxf6 19. Qd2 Qc6 20. g3 Rb4 21. c4
Ke7 1/2-1/2

[Event "16th Sants Open 2014"]
[Site "Barcelona ESP"]
[Date "2014.08.31"]
[Round "10.2"]
[White "Vocaturo, Daniele"]
[Black "Sandipan, Chanda"]
[Result "1-0"]
[WhiteTitle "GM"]
[BlackTitle "GM"]
[WhiteElo "2587"]
[BlackElo "2619"]
[WhiteFideId "813192"]
[BlackFideId "5004225"]
[EventDate "2014.08.22"]

1. d4 f5 2. c4 Nf6 3. Nf3 g6 4. g3 Bg7 5. Bg2 O-O 6. O-O d6 7. Nc3 e6 8. Re1 Ne4
9. Qc2 Nxc3 10. bxc3 Nc6 11. e4 e5 12. exf5 gxf5 13. dxe5 dxe5 14. Ba3 Re8 15.
Rad1 Qf6 16. Nd4 a6 17. Bd5+ Kh8 18. Nxc6 bxc6 19. Qa4 Bb7 20. Bg2 e4 21. Rd7
Qxc3 22. Rc1 Qe5 23. Rxg7 Kxg7 24. Qb3 Kg8 25. Qxb7 e3 26. Bxc6 exf2+ 27. Kg2
Rab8 28. Bd5+ Kh8 29. Qc6 f4 30. Rf1 Qg7 31. Rxf2 Red8 32. Rxf4 Rb6 33. Qc5 Rdb8
34. Qf2 h5 35. Rf7 Qg6 36. Qd4+ 1-0

[Event "16th Sants Open 2014"]
[Site "Barcelona ESP"]
[Date "2014.08.31"]
[Round "10.3"]
[White "Lyrberg, Patrik"]
[Black "Granda Zuniga, Julio E"]
[Result "1/2-1/2"]
[WhiteTitle "IM"]
[BlackTitle "GM"]
[WhiteElo "2444"]
[BlackElo "2663"]
[WhiteFideId "1701975"]
[BlackFideId "3800024"]
[EventDate "2014.08.22"]

1. d4 Nf6 2. c4 e6 3. Nf3 b6 4. g3 Bb7 5. Bg2 Be7 6. Nc3 Ne4 7. Bd2 Nxd2 8. Qxd2
d6 9. O-O O-O 10. d5 e5 11. e4 g6 12. Ne1 Nd7 13. Nd3 Nc5 14. Rae1 Bf6 15. b4
Nxd3 16. Qxd3 a5 17. a3 Bc8 18. Nb5 Bd7 19. Rb1 Be7 20. Qe2 f5 21. exf5 gxf5 22.
c5 e4 23. cxb6 cxb6 24. Nd4 Bf6 25. Qc4 b5 26. Nxb5 Qb6 27. a4 Rfc8 28. bxa5
Rxa5 29. Qb4 Be5 30. Rfc1 Rca8 31. Qd2 Bxb5 32. Rxb5 Rxb5 33. axb5 Kh8 34. Bh3
f4 35. gxf4 Bf6 36. Qe2 Bd4 37. Be6 e3 38. f3 Bf6 39. Rc8+ Rxc8 40. Bxc8 Qd4 41.
Be6 Bd8 42. Kf1 Qxf4 43. Qg2 Qc4+ 44. Qe2 Qb3 45. Kg2 Qc3 46. f4 Qd2 47. Kf3
Qxe2+ 48. Kxe2 Bb6 49. Bf5 Kg7 50. Bd3 h6 51. Kf3 Kf6 52. Kg4 Bc5 53. Kh5 Kg7
54. f5 e2 55. Bxe2 Be3 56. Bd3 Kf7 57. h3 Kg7 58. Bc2 Kf7 59. h4 Kg7 60. Kg4 Kf6
61. Kf3 Bb6 62. Ke4 Kg7 63. Bd1 Kf6 64. Bh5 Kg7 65. Kf4 Kf6 66. Be8 Kg7 67. Kg4
Kf6 68. Bd7 Be3 69. Be6 Kg7 70. Kh5 Bf2 71. Bd7 Be3 72. Be6 Bf2 1/2-1/2

[Event "16th Sants Open 2014"]
[Site "Barcelona ESP"]
[Date "2014.08.31"]
[Round "10.4"]
[White "Schroeder, Jan-Christian"]
[Black "Bogner, Sebastian"]
[Result "0-1"]
[WhiteTitle "FM"]
[BlackTitle "GM"]
[WhiteElo "2367"]
[BlackElo "2603"]
[WhiteFideId "24662259"]
[BlackFideId "4692055"]
[EventDate "2014.08.22"]

1. e4 c5 2. Nf3 a6 3. g3 b5 4. Bg2 Bb7 5. Qe2 g6 6. O-O Bg7 7. a4 b4 8. d3 d6 9.
Nbd2 Nc6 10. Nc4 Nf6 11. a5 O-O 12. h3 Rb8 13. Be3 Nd7 14. Qd2 Ba8 15. Ra4 Rb5
16. Rfa1 Re8 17. c3 Qc7 18. d4 bxc3 19. bxc3 cxd4 20. cxd4 Nf6 21. Nb6 Bb7 22.
Qc2 d5 23. e5 Nd7 24. Nxd7 Qxd7 25. Bf1 Rc8 26. Qd2 Rb3 27. R4a3 Rxa3 28. Rxa3
Nb8 29. Kg2 Nc6 30. h4 Na7 31. h5 Nb5 32. Rb3 Bc6 33. Bh6 Qf5 34. Bxg7 Kxg7 35.
h6+ Kg8 36. Qb4 Kf8 37. Bd3 Qg4 38. Bxb5 Bxb5 39. Rc3 Rc4 40. Rxc4 dxc4 41. Qc5
Qe4 42. Qc8+ Be8 43. g4 Qc6 44. Qb8 c3 45. Qb1 c2 46. Qc1 Qe4 47. Kg3 Qd3 0-1

[Event "16th Sants Open 2014"]
[Site "Barcelona ESP"]
[Date "2014.08.31"]
[Round "10.5"]
[White "Alsina Leal, Daniel"]
[Black "Klein, David"]
[Result "1-0"]
[WhiteTitle "GM"]
[BlackTitle "IM"]
[WhiteElo "2550"]
[BlackElo "2498"]
[WhiteFideId "2252627"]
[BlackFideId "1003623"]
[EventDate "2014.08.22"]

1. d4 d5 2. c4 e6 3. Nc3 Be7 4. Nf3 Nf6 5. Bg5 h6 6. Bh4 O-O 7. e3 Ne4 8. Bxe7
Qxe7 9. Rc1 Nxc3 10. Rxc3 c6 11. Be2 Nd7 12. O-O dxc4 13. Bxc4 b6 14. Qe2 c5 15.
Bb5 Bb7 16. Bxd7 Qxd7 17. dxc5 Rfc8 18. Rfc1 bxc5 19. Rxc5 Rxc5 20. Rxc5 Rd8 21.
Nd4 Qd6 22. Qb5 a6 23. Qa5 e5 24. Rxe5 Rc8 25. f3 Qg6 26. Qe1 Qd6 27. Ra5 Re8
28. Qd2 Qg6 29. b4 Rd8 30. Qc1 h5 31. Rc5 h4 32. h3 Qg3 33. Rc7 Bd5 34. Nf5 Qe5
35. Ne7+ Kh7 36. Nxd5 Qxd5 37. Qc2+ f5 38. Rc5 Qd1+ 39. Qxd1 Rxd1+ 40. Kh2 g6
41. Rc6 a5 42. bxa5 Rd5 43. a6 Ra5 44. Rc7+ Kh6 45. a7 Rxa2 46. e4 fxe4 47. fxe4
Kg5 48. Rf7 Kh6 49. e5 g5 50. e6 Kg6 51. Rc7 g4 52. hxg4 h3 53. Kxh3 Ra3+ 54.
Kh2 1-0

[Event "16th Sants Open 2014"]
[Site "Barcelona ESP"]
[Date "2014.08.31"]
[Round "10.6"]
[White "Galliamova, Alisa"]
[Black "Kraemer, Martin"]
[Result "0-1"]
[WhiteTitle "IM"]
[BlackTitle "GM"]
[WhiteElo "2472"]
[BlackElo "2546"]
[WhiteFideId "4129725"]
[BlackFideId "4671910"]
[EventDate "2014.08.22"]

1. Nf3 Nf6 2. g3 d5 3. Bg2 c6 4. O-O Bg4 5. d4 e6 6. Ne5 Bf5 7. c4 Nbd7 8. Nxd7
Qxd7 9. Qb3 Be7 10. Nc3 Rc8 11. a4 O-O 12. Bf4 a5 13. Rad1 h6 14. Rfe1 Bb4 15.
c5 b6 16. cxb6 Qb7 17. Rc1 Qxb6 18. e3 Qa7 19. Red1 g5 20. Be5 Ng4 21. e4 Bg6
22. exd5 Nxe5 23. dxe5 cxd5 24. Nb5 Qb8 25. Qe3 Bc2 26. Rd4 Bxa4 27. Nc3 Bc5 28.
Nxa4 Bxd4 29. Rxc8 Bxe3 30. Rxb8 Rxb8 31. fxe3 Rb4 32. Nc5 Rxb2 33. Bf1 Rb4 34.
Na6 Rb3 35. Nc5 Rc3 36. Na4 Rxe3 37. Kf2 Rxe5 38. Bd3 d4 39. Nb2 Re3 0-1

[Event "16th Sants Open 2014"]
[Site "Barcelona ESP"]
[Date "2014.08.31"]
[Round "10.7"]
[White "Aroshidze, Levan"]
[Black "Graf, Felix"]
[Result "1/2-1/2"]
[WhiteTitle "GM"]
[WhiteElo "2539"]
[BlackElo "2479"]
[WhiteFideId "13601865"]
[BlackFideId "24608904"]
[EventDate "2014.08.22"]

1. e4 e6 2. d4 d5 3. Nc3 Nc6 4. Nf3 Nf6 5. Bd3 Bb4 6. Bg5 dxe4 7. Bxe4 h6 8.
Bxf6 Qxf6 9. O-O O-O 10. Ne2 Rd8 11. c3 Bd6 12. Ng3 Bd7 13. Re1 g6 14. Bc2 Qg7
15. Qe2 a6 16. Rad1 Ne7 17. Ne4 Bc6 18. Nxd6 cxd6 19. Be4 Rac8 20. Bxc6 Rxc6 21.
c4 Rc7 22. h3 Qf6 23. b3 Rb8 24. Qd2 Nf5 25. Qa5 Qd8 26. c5 dxc5 27. dxc5 Rd7
28. Qxd8+ 1/2-1/2

[Event "16th Sants Open 2014"]
[Site "Barcelona ESP"]
[Date "2014.08.31"]
[Round "10.8"]
[White "Cruz, Jonathan"]
[Black "Novikov, Stanislav"]
[Result "1/2-1/2"]
[WhiteTitle "IM"]
[BlackTitle "GM"]
[WhiteElo "2459"]
[BlackElo "2562"]
[WhiteFideId "3802124"]
[BlackFideId "4125371"]
[EventDate "2014.08.22"]

1. d4 Nf6 2. c4 d6 3. Nc3 e5 4. Nf3 Nbd7 5. g3 c6 6. Bg2 exd4 7. Qxd4 Qb6 8. O-O
Ne5 9. Rd1 Be6 10. b3 Nxf3+ 11. Bxf3 Qxd4 12. Rxd4 Nd7 13. Ne4 O-O-O 14. Nxd6+
Bxd6 15. Rxd6 Ne5 16. Rxd8+ Rxd8 17. Bg2 Rd1+ 18. Bf1 f6 19. Bb2 Rd2 20. Bc3 Rc2
21. Bd4 b6 22. f4 Ng4 23. h3 c5 24. Bxc5 bxc5 25. hxg4 Bxg4 26. Kf2 Kc7 27. Ke3
Rc3+ 28. Kf2 Rc2 29. Ke3 Rc3+ 30. Kf2 a5 31. Rd1 a4 32. Rd5 Kb6 33. Rd6+ Kc7 34.
Rd5 Kb6 35. Rd6+ Kc7 36. Rd5 Kb6 37. Rd6+ Kc7 38. Rd5 1/2-1/2

[Event "16th Sants Open 2014"]
[Site "Barcelona ESP"]
[Date "2014.08.31"]
[Round "10.10"]
[White "Pardo Simon, David"]
[Black "Libiszewski, Fabien"]
[Result "0-1"]
[WhiteTitle "IM"]
[BlackTitle "GM"]
[WhiteElo "2457"]
[BlackElo "2531"]
[WhiteFideId "2296276"]
[BlackFideId "616834"]
[EventDate "2014.08.22"]

1. d4 Nf6 2. Nf3 g6 3. Nc3 Bg7 4. e4 d6 5. Be2 O-O 6. h3 c5 7. dxc5 dxc5 8. O-O
Nc6 9. Re1 b6 10. Bc4 Na5 11. Bd3 c4 12. Bf1 Bb7 13. Bg5 Qc7 14. Qc1 e5 15. Bh6
Rae8 16. Bxg7 Kxg7 17. Qe3 Bc6 18. b4 cxb3 19. axb3 Ba8 20. Rec1 Rc8 21. Nb5 Qe7
22. Nxa7 Qxa7 23. b4 Qc7 24. bxa5 bxa5 25. Nd2 Bc6 26. Nc4 Bxe4 27. Rxa5 Rfe8
28. f3 Bd5 29. Nb6 Rcd8 30. c4 Bc6 31. Raa1 e4 32. f4 Nh5 33. f5 gxf5 34. Qg5+
Kh8 35. Qxh5 Qxb6+ 36. c5 Qb2 37. Qxf5 e3 38. Be2 Rd2 39. Rab1 Qg7 40. Qf1 Rg8
41. g4 Qe5 0-1

[Event "16th Sants Open 2014"]
[Site "Barcelona ESP"]
[Date "2014.08.31"]
[Round "10.11"]
[White "Munoz Pantoja, Miguel"]
[Black "Narciso Dublan, Marc"]
[Result "1/2-1/2"]
[WhiteTitle "GM"]
[BlackTitle "GM"]
[WhiteElo "2451"]
[BlackElo "2515"]
[WhiteFideId "3800229"]
[BlackFideId "2201500"]
[EventDate "2014.08.22"]

1. e4 c6 2. Nc3 d5 3. Nf3 dxe4 4. Nxe4 Nf6 5. Nxf6+ exf6 6. d4 Bd6 7. Bd3 O-O 8.
O-O Re8 9. Re1 Bg4 10. Rxe8+ Qxe8 11. Be3 Na6 12. h3 Bh5 13. c4 Rd8 14. a3 Nc7
15. b4 b5 16. Qe2 bxc4 17. Bxc4 Qd7 18. Re1 Re8 19. Qd1 Nb5 20. Bxb5 cxb5 21. d5
g5 22. Bc5 Rxe1+ 23. Qxe1 Bxc5 24. bxc5 Qxd5 25. Qe8+ Kg7 26. c6 Qd1+ 27. Kh2
Bxf3 28. gxf3 Qxf3 29. Qd7 Qxf2+ 30. Kh1 Qf1+ 31. Kh2 Qf2+ 32. Kh1 Qf1+ 1/2-1/2

[Event "16th Sants Open 2014"]
[Site "Barcelona ESP"]
[Date "2014.08.31"]
[Round "10.12"]
[White "Oliva Castaneda, Kevel"]
[Black "Comas Fabrego, Lluis"]
[Result "1-0"]
[WhiteTitle "FM"]
[BlackTitle "GM"]
[WhiteElo "2446"]
[BlackElo "2508"]
[WhiteFideId "3500799"]
[BlackFideId "2200325"]
[EventDate "2014.08.22"]

1. Nf3 Nf6 2. c4 g6 3. Nc3 Bg7 4. e4 d6 5. d4 O-O 6. Be2 Nbd7 7. O-O e5 8. Be3
Re8 9. d5 Nh5 10. g3 Bf8 11. Ne1 Ng7 12. Nd3 f5 13. f3 Be7 14. Qd2 Nf6 15. b4
fxe4 16. fxe4 Bh3 17. Rfc1 Ng4 18. Bxg4 Bxg4 19. c5 Rf8 20. Nf2 Bf3 21. Nb5 a6
22. cxd6 Bxd6 23. Nxd6 cxd6 24. Rc3 Qd7 25. Rac1 Rac8 26. Bh6 Rxc3 27. Rxc3 Qb5
28. Rc7 Rf7 29. Qc3 Qe2 30. Rd7 Ne8 31. Rd8 Re7 32. Bg5 Kf7 33. Bxe7 Kxe7 34.
Rb8 Bxe4 35. Rxb7+ Kd8 36. b5 Bxd5 37. Qa5+ Kc8 38. Re7 Qxb5 39. Qxb5 1-0

[Event "16th Sants Open 2014"]
[Site "Barcelona ESP"]
[Date "2014.08.31"]
[Round "10.13"]
[White "Aloma Vidal, Robert"]
[Black "Collins, Sam E."]
[Result "0-1"]
[WhiteTitle "IM"]
[BlackTitle "IM"]
[WhiteElo "2403"]
[BlackElo "2495"]
[WhiteFideId "2260409"]
[BlackFideId "2501198"]
[EventDate "2014.08.22"]

1. d4 d5 2. c4 e6 3. Nf3 Nf6 4. Nc3 Be7 5. Bg5 h6 6. Bh4 O-O 7. e3 b6 8. cxd5
Nxd5 9. Bxe7 Qxe7 10. Nxd5 exd5 11. Rc1 Be6 12. Be2 c5 13. dxc5 bxc5 14. O-O Nd7
15. Qa4 Rfc8 16. Ba6 Rc7 17. Qf4 Nf6 18. Nd4 Ne8 19. Nxe6 fxe6 20. e4 Qf6 21.
Qd2 dxe4 22. Rfd1 Rb8 23. b3 Rb6 24. Bf1 Nd6 25. Rc3 Nf5 26. Rdc1 Qe5 27. Qd8+
Kh7 28. Qf8 Rd6 29. Qb8 Rd2 30. R3c2 e3 31. Rxd2 exd2 32. Rd1 Qe1 33. Rxd2 Ne3
34. fxe3 Rf7 0-1

[Event "16th Sants Open 2014"]
[Site "Barcelona ESP"]
[Date "2014.08.31"]
[Round "10.14"]
[White "Lillo Castany, Victor"]
[Black "Gomez Garrido, Camilo Ernesto"]
[Result "0-1"]
[WhiteTitle "FM"]
[BlackTitle "IM"]
[WhiteElo "2319"]
[BlackElo "2496"]
[WhiteFideId "2278995"]
[BlackFideId "3507904"]
[EventDate "2014.08.22"]

1. e4 c5 2. Nf3 d6 3. Bb5+ Nd7 4. O-O a6 5. Bd3 Ngf6 6. c3 Ne5 7. Nxe5 dxe5 8.
Qe2 g6 9. a4 b6 10. Bc4 Bg7 11. d3 O-O 12. Be3 Qd6 13. Nd2 Rd8 14. Rfb1 Ng4 15.
b4 Nxe3 16. Qxe3 Bd7 17. bxc5 bxc5 18. Nb3 Rdc8 19. Nd2 Rab8 20. Bb3 Qc7 21. Nc4
Be6 22. Bc2 h5 23. h3 Kh7 24. Qg3 Rd8 25. Rxb8 Rxb8 26. Rd1 Bxc4 27. dxc4 Rb2
28. Qd3 Bh6 29. Rb1 Ra2 30. h4 Kg7 31. g3 Qd6 32. Qxd6 exd6 33. Bd1 Bd2 34. Bb3
Ra3 35. Kf1 Bxc3 36. Ke2 Bd4 37. f3 f5 38. Kd3 Kf6 39. Ke2 Ke6 40. Kd3 Kd7 41.
Kc2 Kc6 42. exf5 gxf5 43. g4 fxg4 44. fxg4 hxg4 45. Rf1 g3 0-1